Integración y contextualización en el ámbito de la globalización (Record no. 70628)
[ view plain ]
| 000 -CABECERA | |
|---|---|
| campo de control de longitud fija | 00457nam a2200157 a 4500 |
| 005 - FECHA Y HORA DE LA ÚLTIMA TRANSACCIÓN | |
| campo de control | 20210219153205.0 |
| 008 - ELEMENTOS DE LONGITUD FIJA--INFORMACIÓN GENERAL | |
| campo de control de longitud fija | 991125n 000 0 spa u |
| 035 ## - NÚMERO DE CONTROL DEL SISTEMA | |
| Número de control de sistema | UPN01000083319 |
| 100 ## - ASIENTO PRINCIPAL--NOMBRE PERSONAL | |
| Nombre de persona | Garcia Guadilla, Carmen |
| 222 ## - TÍTULO CLAVE | |
| Título clave | PERFILES EDUCATIVOS |
| 245 ## - MENCIÓN DE TÍTULO | |
| Título | Integración y contextualización en el ámbito de la globalización |
| 300 ## - DESCRIPCIÓN FÍSICA | |
| Extensión | 16-30 |
| 362 ## - FECHAS DE PUBLICACIÓN Y/O DESIGNACIÓN SECUENCIAL | |
| Fecha de publicación y/o designación secuencial | 1997 Nos. 76-77, vol. XIX, 3a. época |
| 904 ## - ELEMENTOS DE DATOS D LOCAL, LDD (RLIN) | |
| a | AC |
| b | 021130 |
| 905 ## - TIPO DE MATERIAL | |
| Tipo de material | Articulo |
No items available.
